000
00285nam a22001217a 4500
999
_c
534330
_d
534330
040
_c
MSOHAIL
082
_a
297.352
100
_a
Maulana Muntakhebul Haq
_9
28472
245
_a
A Guide On Umra And Hajj
260
_a
Karachi
_b
Darul Ishaat
_c
c1994
300
_a
104;p
942
_2
ddc
_c
BK